Città e Fiumi - Statistics

Statistiche generali
  • Questo quiz è stato fatto 83 volte
  • Il punteggio medio è 12 su 18
Statistiche sulle risposte
Città Fiume % Corretto
Londra Tamigi
98%
Firenze Arno
97%
Il Cairo Nilo
97%
Parigi Senna
95%
Roma Tevere
95%
Budapest Danubio
93%
Torino Po
86%
Verona Adige
80%
New Orleands Mississippi
71%
New York Hudson
68%
Baghdad Tigri
66%
Lisbona Tago
64%
Varsavia Vistola
58%
Amburgo Elba
42%
Karachi Indo
39%
Mosca Moscova
34%
Washington D.C. Potomac
32%
Praga Moldava
25%
Nessun quiz corrispondente trovato
Distribuzione punteggi
Percentuale di utenti per punteggio
Percentile per numero di risposta
I tuoi punteggi nel tempo
Non hai fatto questo quiz